Real estate deals / (Record no. 147932)

MARC details
000 -LEADER
fixed length control field 00555nam a22001937a 4500
005 - DATE AND TIME OF LATEST TRANSACTION
control field 20171208151542.0
010 ## - LCCN (DPL NO)
LC control number ENG-121815
020 ## - INTERNATIONAL STANDARD BOOK NUMBER
International Standard Book Number 9789380559407
Terms of availability 450.00
035 ## - SYSTEM CONTROL NUMBER
System control number EN-105347
037 ## - SOURCE OF ACQUISITION
Source of stock number/acquisition DBAD/PUB
082 ## - DEWEY DECIMAL CLASSIFICATION NUMBER
Classification number 346.54043
100 ## - MAIN ENTRY--PERSONAL NAME
Personal name Lakshmanrao, Narayan
245 ## - TITLE STATEMENT
Title Real estate deals /
Statement of responsibility, etc by Narayan Laxmanrao
260 ## - PUBLICATION, DISTRIBUTION, ETC. (IMPRINT)
Place of publication, distribution, etc Hyderabad
Name of publisher, distributor, etc Asia Law House
Date of publication, distribution, etc 2010
270 ## - ADDRESS
Address Opp. High Court Hyd-2,
City Hyderabad
Postal code 95
300 ## - PHYSICAL DESCRIPTION
Extent xxxi,432p
Dimensions 24cm(pbk)
500 ## - GENERAL NOTE
General note Includes index
942 ## - ADDED ENTRY ELEMENTS (KOHA)
Source of classification or shelving scheme Dewey Decimal Classification
Item type English Books
Classification part 346.54043
Call number suffix LAK
Holdings
Withdrawn status Lost status Not for loan Collection code Home library Current library Date acquired Source of acquisition Cost, normal purchase price Full call number Barcode Copy number Cost, replacement price Koha item type
    Not For Loan Non-fiction D.B.Act.Division D.B.Act.Division 08/12/2017 DBAD/PUB 450.00 346.54043 LAK EN-105347 1 450.00 English Books

© Delhi Public Library
Hit Counter
free hit counter